[Event "Morbihan-ch 1213"]
[Site "France"]
[Date "2013.04.13"]
[Round "7"]
[White "Cheneau, Lionel"]
[Black "Orgel, Jean Marc"]
[Result "0-1"]
[WhiteElo "1470"]
[BlackElo "1260"]
[PlyCount "88"]
[EventDate "2012.10.27"]
[EventType "swiss"]
[EventRounds "7"]
[EventCountry "FRA"]
[SourceTitle "EXT 2014"]
[Source "ChessBase"]
[SourceDate "2013.11.20"]
[SourceVersion "1"]
[SourceVersionDate "2013.11.20"]
[SourceQuality "1"]

1. e4 e6 2. e5 Nc6 3. Nf3 d5 4. Bb5 Bd7 5. d4 Bb4+ 6. c3 Ba5 7. 0-0 a6 8. Bd3 f6 9. b4 Bb6 10. b5 Nb8 11. a4 c6 12. Qc2 f5 13. Qe2 h6 14. Nh4 Qxh4 15. g3 Qe7 16. Ba3 Qf7 17. f4 Ne7 18. Bxe7 Qxe7 19. Nd2 c5 20. Nf3 c4 21. Bc2 0-0 22. Nh4 Be8 23. Rab1 g5 24. Ng2 axb5 25. axb5 g4 26. Rf2 Ra2 27. Qe3 Qa3 28. Qe1 Ba5 29. Qd1 Bxc3 30. Re2 Ra1 31. Re3 Rxb1 32. Bxb1 Bxb5 33. Kh1 Ba4 34. Qe2 Qc1+ 35. Ne1 Bd1 36. Rxc3 Qxc3 37. Qxd1 Nc6 38. Nc2 Ra8 39. h3 Qxg3 40. Ne1 Qxh3+ 41. Kg1 Qe3+ 42. Kg2 Nxd4 43. Kh1 Ne2 44. Nc2 Qh3# 0-1

[Event "Morbihan-ch 1213"]
[Site "France"]
[Date "2013.01.19"]
[Round "4"]
[White "Cheneau, Lionel"]
[Black "Lages, Michel"]
[Result "0-1"]
[WhiteElo "1470"]
[BlackElo "1917"]
[PlyCount "100"]
[EventDate "2012.10.27"]
[EventType "swiss"]
[EventRounds "7"]
[EventCountry "FRA"]
[SourceTitle "EXT 2014"]
[Source "ChessBase"]
[SourceDate "2013.11.20"]
[SourceVersion "1"]
[SourceVersionDate "2013.11.20"]
[SourceQuality "1"]

1. e4 c5 2. Nf3 e6 3. Bc4 Nc6 4. a3 g6 5. d3 Bg7 6. c3 Nge7 7. Be3 d5 8. Bb5 d4 9. Bf4 0-0 10. c4 e5 11. Bg3 a6 12. Bxc6 Nxc6 13. 0-0 Bg4 14. Nbd2 h5 15. h3 Bd7 16. Bh4 f6 17. Nb3 b6 18. Bg3 Ne7 19. Nbd2 Qe8 20. b3 Rc8 21. Re1 g5 22. h4 Bg4 23. Qc1 Bh6 24. hxg5 fxg5 25. Nxe5 Be6 26. Ndf3 h4 27. Bxh4 Qh5 28. Bxg5 Bxg5 29. Nxg5 Rf6 30. f3 Rh6 31. Kf2 Qh4+ 32. Ke2 Qg3 33. Rg1 Qxe5 34. Rh1 Rg6 35. Rh5 Nf5 36. Kd2 Qf4+ 37. Ke1 Qg3+ 38. Ke2 Qxg2+ 39. Ke1 Qg1+ 40. Kd2 Qf2+ 41. Kd1 Ne3+ 42. Qxe3 dxe3 43. Kc1 Qd2+ 44. Kb1 e2 45. Rh1 Rxg5 46. Ra2 Qd1+ 47. Rxd1 exd1Q+ 48. Kb2 Rg2+ 49. Kc3 Rxa2 50. d4 Qd2# 0-1

[Event "Morbihan-ch 1112"]
[Site "Morbihan"]
[Date "2012.01.21"]
[Round "4.13"]
[White "Cheneau, Lionel"]
[Black "Le Gal, Loic"]
[Result "1-0"]
[WhiteElo "1360"]
[BlackElo "1660"]
[PlyCount "146"]
[EventDate "2011.10.08"]
[EventType "swiss"]
[EventRounds "7"]
[EventCountry "FRA"]
[SourceTitle "EXT 2014"]
[Source "ChessBase"]
[SourceDate "2013.11.20"]
[SourceVersion "1"]
[SourceVersionDate "2013.11.20"]
[SourceQuality "1"]

1. e4 d5 2. e5 Nc6 3. d4 f6 4. Nf3 Bg4 5. h3 Bh5 6. Be2 Qd7 7. Nc3 e6 8. a3 Nge7 9. Be3 Ng6 10. g4 fxe5 11. gxh5 Nf4 12. Bxf4 exf4 13. Qd2 Bd6 14. Nb5 0-0-0 15. Nxd6+ Qxd6 16. Ng5 Rdf8 17. 0-0-0 e5 18. Bg4+ Kb8 19. Ne6 Rf7 20. c3 e4 21. Ng5 Re7 22. f3 Na5 23. Kc2 Nc4 24. Qh2 Ne3+ 25. Kb1 Nxd1 26. Rxd1 h6 27. Ne6 Rxe6 28. Bxe6 Qxe6 29. fxe4 Qxe4+ 30. Ka1 f3 31. Rf1 Rf8 32. Qg3 Rf7 33. Re1 Qe2 34. Rxe2 fxe2 35. Ka2 Rf1 36. Qxg7 c6 37. Qg3+ Kc8 38. Qg4+ Kc7 39. Qxe2 Rh1 40. Qe5+ Kb6 41. Qf5 a5 42. a4 Re1 43. Qf6 Re4 44. Qd8+ Ka6 45. Qh8 b5 46. axb5+ Kxb5 47. Qxh6 a4 48. Qf8 Kc4 49. Qb4+ Kd3 50. Qxa4 c5 51. Qb5+ Kc2 52. Qxc5 Re8 53. Qc6 Rg8 54. Ka3 Rb8 55. Qg6+ Kd1 56. Qd3+ Kc1 57. Qe3+ Kc2 58. Qf2+ Kd1 59. b4 Ra8+ 60. Kb3 Rh8 61. Qf3+ Kc1 62. Qxd5 Re8 63. b5 Re2 64. Kc4 Kc2 65. b6 Re3 66. Qf5+ Kd2 67. Qf2+ Re2 68. Qxe2+ Kc1 69. b7 Kb1 70. b8Q+ Ka1 71. Qe1+ Ka2 72. Qbb1+ Ka3 73. Qec1+ Ka4 1-0

[Event "Morbihan-ch 1011"]
[Site "Morbihan"]
[Date "2011.04.09"]
[Round "7.12"]
[White "Cheneau, Lionel"]
[Black "Le Garrec, Maxime"]
[Result "1/2-1/2"]
[WhiteElo "1340"]
[BlackElo "1646"]
[PlyCount "84"]
[EventDate "2010.10.09"]
[EventType "swiss"]
[EventRounds "7"]
[EventCountry "FRA"]
[SourceTitle "EXT 2014"]
[Source "ChessBase"]
[SourceDate "2013.11.20"]
[SourceVersion "1"]
[SourceVersionDate "2013.11.20"]
[SourceQuality "1"]

1. e4 c5 2. Nc3 e6 3. Bc4 a6 4. Nf3 b5 5. Bd3 c4 6. Be2 Bc5 7. e5 Qc7 8. d3 Qb6 9. d4 Be7 10. Be3 d6 11. exd6 Qxd6 12. Ne4 Qb4+ 13. Bd2 Qxb2 14. Bc3 Bb4 15. Bxb4 Qxb4+ 16. c3 Qa5 17. Nd6+ Kf8 18. Nxc8 Qc7 19. Ne5 Qxc8 20. Bf3 Ra7 21. Be4 f6 22. Nf3 f5 23. Bc2 Nf6 24. h3 Nd5 25. Qd2 h6 26. Ne5 Ke8 27. Ng6 Rg8 28. Bd1 Nf6 29. Bf3 Kd8 30. 0-0 Re8 31. Qe3 Rc7 32. Qe5 Rf7 33. Qd6+ Rd7 34. Qb4 Nc6 35. Bxc6 Qxc6 36. Ne5 Qd6 37. Qxd6 Rxd6 38. Nf7+ Ke7 39. Nxd6 Kxd6 40. f3 Nd5 41. Rac1 Nf4 42. Kh2 Re7 1/2-1/2

[Event "Morbihan-ch 0809"]
[Site "Morbihan"]
[Date "2009.01.24"]
[Round "4"]
[White "Rivalin, Patrick"]
[Black "Cheneau, Lionel"]
[Result "1-0"]
[WhiteElo "1574"]
[BlackElo "1290"]
[PlyCount "31"]
[EventDate "2008.10.??"]
[EventType "tourn"]
[EventRounds "7"]
[EventCountry "FRA"]
[SourceTitle "EXT 2010"]
[Source "ChessBase"]
[SourceDate "2010.11.25"]
[SourceVersion "1"]
[SourceVersionDate "2010.11.25"]
[SourceQuality "1"]

1. d4 d5 2. c4 e6 3. Nc3 Nc6 4. Nf3 Bb4 5. a3 Be7 6. Bf4 a6 7. e3 Nf6 8. Bd3 Na5 9. c5 Nh5 10. 0-0 Nxf4 11. exf4 c6 12. Ne5 f6 13. Qh5+ g6 14. Bxg6+ Kf8 15. Qh6+ Kg8 16. Bf7# 1-0

[Event "Morbihan-ch 0607"]
[Site "Morbihan"]
[Date "2007.02.03"]
[Round "5"]
[White "Cheneau, Lionel"]
[Black "Hocher, Eugene"]
[Result "0-1"]
[WhiteElo "1499"]
[BlackElo "1761"]
[PlyCount "84"]
[EventDate "2006.10.21"]
[EventType "swiss"]
[EventRounds "7"]
[EventCountry "FRA"]
[SourceTitle "EXT 2009"]
[Source "ChessBase"]
[SourceDate "2008.11.26"]
[SourceVersion "1"]
[SourceVersionDate "2008.11.26"]
[SourceQuality "1"]

1. e3 g6 2. Bc4 Bg7 3. b3 Bxa1 4. Nf3 d5 5. Bd3 Bg7 6. Nc3 e5 7. e4 d4 8. Ne2 Bg4 9. h3 Bxf3 10. gxf3 Nf6 11. Ng3 Nbd7 12. Ba3 c5 13. c4 Qa5 14. 0-0 Qxa3 15. Ne2 Qxa2 16. Nc1 Qa5 17. Ne2 Bh6 18. Qb1 Qxd2 19. Rd1 Qg5+ 20. Ng3 Nh5 21. Kh2 Nf4 22. Rh1 Qh4 23. Kg1 Qg5 24. h4 Qf6 25. Bc2 Nh5 26. b4 Nxg3 27. fxg3 Qxf3 28. Bd1 Qxg3+ 29. Kf1 Be3 30. Qc2 d3 31. Qh2 Qxh2 32. Rxh2 cxb4 33. Rh3 Bd4 34. Rxd3 Nc5 35. Rf3 Nxe4 36. Bc2 Nd2+ 37. Ke2 Nxf3 38. Kxf3 f5 39. Ba4+ Ke7 40. Bd1 Rac8 41. Be2 b3 42. Bd3 e4+ 0-1